[Event "Cartagena zt 2.3 (Women)"]
[Site "Cartagena"]
[Date "2019.07.17"]
[Round "6"]
[White "Rosado Perez, Maria Jose"]
[Black "Onate, Ana Milena"]
[Result "0-1"]
[WhiteElo "1801"]
[BlackElo "1818"]
[PlyCount "74"]
[EventDate "2019.07.14"]
[EventType "swiss"]
[EventRounds "9"]
[EventCountry "COL"]
[SourceTitle "CBM 191 Extra"]
[Source "ChessBase"]
[SourceDate "2019.09.30"]
[SourceVersion "1"]
[SourceVersionDate "2019.09.30"]
[SourceQuality "1"]

1. e4 c5 2. Nf3 d6 3. d4 cxd4 4. Nxd4 Nf6 5. f3 g6 6. c4 Bg7 7. Nc3 Nc6 8. Be3 0-0 9. Qd2 Re8 10. Be2 Bd7 11. 0-0 Rc8 12. Kh1 a6 13. f4 Nxd4 14. Bxd4 Bc6 15. Bf3 e5 16. Bf2 exf4 17. Qxf4 Nd7 18. Bh4 Qc7 19. Bg4 f6 20. Bg3 h5 21. Bh3 g5 22. Qf5 g4 23. Nd5 Qd8 24. Bxg4 hxg4 25. Bxd6 Ne5 26. Ne7+ Rxe7 27. Bxe7 Qd7 28. Qxd7 Nxd7 29. b3 Bxe4 30. Rad1 Bc6 31. Rf4 Re8 32. Bb4 Ne5 33. Bc3 Bd7 34. Kg1 Bc8 35. Kf2 Kf7 36. Rd5 f5 37. Bxe5 Bxe5 0-1

[Event "COL pre olympic sf3"]
[Site "Dosquebradas"]
[Date "2018.06.02"]
[Round "7"]
[White "Hernandez Pinzon, Helvert"]
[Black "Onate, Ana Milena"]
[Result "1-0"]
[WhiteElo "1992"]
[BlackElo "1827"]
[PlyCount "89"]
[EventDate "2018.05.30"]
[EventType "swiss"]
[EventRounds "10"]
[EventCountry "COL"]
[SourceTitle "CBM 184 Extra"]
[Source "ChessBase"]
[SourceDate "2018.06.28"]
[SourceVersion "1"]
[SourceVersionDate "2018.06.28"]
[SourceQuality "1"]

1. e4 c5 2. Nf3 d6 3. d4 cxd4 4. Nxd4 Nf6 5. Nc3 g6 6. Be3 Bg7 7. Qd2 Nc6 8. f3 0-0 9. Bc4 Bd7 10. 0-0-0 Ne5 11. Bb3 a5 12. a4 Rc8 13. Kb1 Nc4 14. Bxc4 Rxc4 15. b3 Rc8 16. g4 Ne8 17. h4 Qc7 18. Nd5 Qd8 19. h5 e6 20. Nc3 Qe7 21. Rh2 d5 22. exd5 Qb4 23. Ncb5 Qxd2 24. Rdxd2 exd5 25. Ne2 f5 26. hxg6 hxg6 27. g5 Be5 28. f4 Bg7 29. Bd4 Bxb5 30. axb5 Nd6 31. Bxg7 Kxg7 32. Rxd5 Rfd8 33. Nd4 Kf7 34. Re2 Rd7 35. Nf3 Rdd8 36. Ne5+ Kg7 37. Red2 Nf7 38. Nxf7 Rxd5 39. Rxd5 Kxf7 40. Rd7+ Ke6 41. Rxb7 Rc5 42. c4 a4 43. Kb2 axb3 44. Kxb3 Rc8 45. Rg7 1-0

[Event "COL-chT (Women)"]
[Site "Ibague"]
[Date "2017.07.19"]
[Round "2.1"]
[White "Onate, Ana Milena"]
[Black "Corredor Agamez, Michelle"]
[Result "1-0"]
[WhiteElo "1805"]
[BlackElo "1176"]
[PlyCount "59"]
[EventDate "2017.07.19"]
[EventType "team-swiss"]
[EventRounds "6"]
[EventCountry "COL"]
[SourceTitle "CBM 179 Extra"]
[Source "ChessBase"]
[SourceDate "2017.08.23"]
[SourceVersion "1"]
[SourceVersionDate "2017.08.23"]
[SourceQuality "1"]
[WhiteTeam "Guajira (W)"]
[BlackTeam "San Andres Isla (W)"]
[WhiteTeamCountry "COL"]
[BlackTeamCountry "COL"]

1. d4 d6 2. c4 e6 3. Nc3 Nf6 4. e4 c6 5. Nf3 Nbd7 6. Bd3 Be7 7. 0-0 0-0 8. Bf4 b6 9. Rc1 Bb7 10. Bb1 Rc8 11. Qd3 Qc7 12. e5 dxe5 13. dxe5 g6 14. exf6 Qd8 15. fxe7 Qxe7 16. Bd6 Qf6 17. Bxf8 Nxf8 18. Qd4 Qe7 19. Rfd1 c5 20. Qf4 Nd7 21. Ne4 e5 22. Qh4 Qe6 23. Rxd7 Bxe4 24. Rd8+ Kg7 25. Ng5 Qc6 26. Qxh7+ Kf6 27. Nxe4+ Kf5 28. Qxf7+ Kg4 29. h3+ Kh5 30. Qh7# 1-0

[Event "COL-ch (Women)"]
[Site "Quibdo"]
[Date "2015.11.13"]
[Round "6"]
[White "Onate, Ana Milena"]
[Black "Vargas Siempira, Diana Alejandra"]
[Result "1-0"]
[WhiteElo "1806"]
[BlackElo "1571"]
[PlyCount "95"]
[EventDate "2015.11.10"]
[EventType "swiss"]
[EventRounds "9"]
[EventCountry "COL"]
[SourceTitle "CBM 169 Extra"]
[Source "ChessBase"]
[SourceDate "2015.12.18"]
[SourceVersion "1"]
[SourceVersionDate "2015.12.18"]
[SourceQuality "1"]

1. d4 d5 2. c4 c6 3. cxd5 cxd5 4. Nc3 Nf6 5. Nf3 Bf5 6. Bf4 e6 7. e3 Bb4 8. Bb5+ Nbd7 9. 0-0 0-0 10. Rc1 a6 11. Ba4 Nb6 12. Bb3 h6 13. Ne2 Bd6 14. Ne5 Nh5 15. Ng3 Nxf4 16. Nxf5 exf5 17. exf4 Rc8 18. Qh5 Qf6 19. Bc2 Rfe8 20. Qxf5 Qxf5 21. Bxf5 Rc7 22. Rxc7 Bxc7 23. Rc1 Bd6 24. g3 g6 25. Bh3 h5 26. b3 Kg7 27. Kf1 a5 28. Nf3 Kf6 29. Re1 Rxe1+ 30. Kxe1 Bb4+ 31. Ke2 Ke7 32. Ne5 Bc3 33. Kd3 Be1 34. f3 Bb4 35. g4 hxg4 36. fxg4 Nd7 37. Bg2 Nxe5+ 38. dxe5 Ke6 39. Kd4 b6 40. Bxd5+ Ke7 41. h4 Kf8 42. Ke4 Kg7 43. f5 gxf5+ 44. Kxf5 Bc3 45. g5 Be1 46. h5 Bd2 47. h6+ Kg8 48. Kf6 1-0

[Event "COL-ch (Women)"]
[Site "Quibdo"]
[Date "2015.11.12"]
[Round "5"]
[White "Velez Alvarez, Laura Camila"]
[Black "Onate, Ana Milena"]
[Result "1-0"]
[WhiteElo "1829"]
[BlackElo "1806"]
[PlyCount "91"]
[EventDate "2015.11.10"]
[EventType "swiss"]
[EventRounds "9"]
[EventCountry "COL"]
[SourceTitle "CBM 169 Extra"]
[Source "ChessBase"]
[SourceDate "2015.12.18"]
[SourceVersion "1"]
[SourceVersionDate "2015.12.18"]
[SourceQuality "1"]

1. d4 Nf6 2. Nf3 e6 3. e3 c5 4. Bd3 cxd4 5. exd4 Be7 6. 0-0 0-0 7. b3 b6 8. a3 Ba6 9. c4 d5 10. Bb2 Nbd7 11. Nbd2 Rc8 12. Rc1 dxc4 13. bxc4 Bb7 14. Qe2 Re8 15. Rfd1 Bd6 16. Ne5 g6 17. Nb3 Bxe5 18. dxe5 Nh5 19. g3 Qe7 20. Nd4 a6 21. Nb3 Ng7 22. Be4 Bxe4 23. Qxe4 Nc5 24. Nxc5 Qxc5 25. Qb7 Qc6 26. Rd7 Qxb7 27. Rxb7 Rb8 28. Ra7 Ra8 29. Rxa8 Rxa8 30. a4 Nf5 31. g4 Ne7 32. Bd4 Rb8 33. Rb1 Nc8 34. a5 b5 35. cxb5 axb5 36. a6 Ra8 37. a7 Rxa7 38. Bxa7 Nxa7 39. f4 Kg7 40. Kf2 f6 41. Rc1 fxe5 42. fxe5 Kh6 43. Rc7 Kg5 44. Kg3 h5 45. h4+ Kh6 46. g5# 1-0

[Event "COL-ch (Women)"]
[Site "Quibdo"]
[Date "2015.11.10"]
[Round "1"]
[White "Rivera, Ingris"]
[Black "Onate, Ana Milena"]
[Result "1-0"]
[WhiteElo "2231"]
[BlackElo "1806"]
[PlyCount "83"]
[EventDate "2015.11.10"]
[EventType "swiss"]
[EventRounds "9"]
[EventCountry "COL"]
[SourceTitle "CBM 169 Extra"]
[Source "ChessBase"]
[SourceDate "2015.12.18"]
[SourceVersion "1"]
[SourceVersionDate "2015.12.18"]
[SourceQuality "1"]

1. d4 Nf6 2. c4 e5 3. dxe5 Ng4 4. Bf4 Nc6 5. Nf3 Bc5 6. e3 Qe7 7. a3 a5 8. Nc3 0-0 9. Nd5 Qd8 10. h3 Nh6 11. Bxh6 gxh6 12. Nf6+ Kg7 13. Qc2 Rh8 14. Qe4 d6 15. Nh5+ Kf8 16. Qf4 Be6 17. Qxh6+ Ke7 18. exd6+ cxd6 19. Rd1 Qb6 20. Qf6+ Kd7 21. Be2 Rhg8 22. Nf4 Rae8 23. 0-0 Kc8 24. Ng5 Ne5 25. Ngxe6 fxe6 26. Bh5 Rgf8 27. Qh6 Ng6 28. Bxg6 hxg6 29. Qxg6 Rg8 30. Qf6 Qc6 31. Kh2 Qe4 32. b4 axb4 33. axb4 Bxb4 34. Qd4 Qh7 35. Qd3 Qg7 36. g3 Bc5 37. Ra1 Kb8 38. Ra2 Rh8 39. Rfa1 Kc7 40. Qe4 e5 41. Rb1 Rb8 42. Ne6+ 1-0

[Event "COL-ch blitz (Women)"]
[Site "Quibdo"]
[Date "2015.11.08"]
[Round "14"]
[White "Argote Heredia, Valentina"]
[Black "Onate, Ana Milena"]
[Result "0-1"]
[WhiteElo "1853"]
[BlackElo "1800"]
[PlyCount "64"]
[EventDate "2015.11.08"]
[EventType "swiss (blitz)"]
[EventRounds "18"]
[EventCountry "COL"]
[SourceTitle "CBM 169 Extra"]
[Source "ChessBase"]
[SourceDate "2015.12.18"]
[SourceVersion "1"]
[SourceVersionDate "2015.12.18"]
[SourceQuality "1"]

1. e4 c5 2. Nf3 d6 3. d4 cxd4 4. Nxd4 Nf6 5. Nc3 g6 6. Be3 Bg7 7. Bc4 Nc6 8. f3 0-0 9. Qd2 Bd7 10. Nb3 Rc8 11. Bd5 Nxd5 12. exd5 Ne5 13. Bd4 Nc4 14. Qc1 Bxd4 15. Nxd4 Qb6 16. Nb3 a5 17. a4 Ne3 18. Qd2 Bf5 19. Nd4 Qxb2 20. Qxe3 Qxa1+ 21. Nd1 Bxc2 22. Nxc2 Rxc2 23. 0-0 Qxa4 24. Qxe7 Qd4+ 25. Kh1 Rc1 26. Qe2 Qxd5 27. Ne3 Rxf1+ 28. Qxf1 Qc5 29. Ng4 Rc8 30. h4 Qc1 31. Qxc1 Rxc1+ 32. Kh2 a4 0-1

[Event "COL-ch blitz (Women)"]
[Site "Quibdo"]
[Date "2015.11.08"]
[Round "10"]
[White "Castrillon Gomez, Melissa"]
[Black "Onate, Ana Milena"]
[Result "1-0"]
[WhiteElo "2095"]
[BlackElo "1800"]
[PlyCount "35"]
[EventDate "2015.11.08"]
[EventType "swiss (blitz)"]
[EventRounds "18"]
[EventCountry "COL"]
[SourceTitle "CBM 169 Extra"]
[Source "ChessBase"]
[SourceDate "2015.12.18"]
[SourceVersion "1"]
[SourceVersionDate "2015.12.18"]
[SourceQuality "1"]

1. e4 c5 2. Nf3 d6 3. d4 cxd4 4. Nxd4 Nf6 5. Nc3 g6 6. Be3 Bg7 7. f3 0-0 8. Bc4 Nc6 9. Bb3 Bd7 10. Qd2 Rc8 11. 0-0-0 Ne5 12. Kb1 Nc4 13. Bxc4 Rxc4 14. g4 b5 15. h4 h5 16. Bh6 Rxd4 17. Qxd4 Nxg4 18. Qxg7# 1-0

[Event "COL-ch blitz (Women)"]
[Site "Quibdo"]
[Date "2015.11.08"]
[Round "9"]
[White "Onate, Ana Milena"]
[Black "Castrillon Gomez, Melissa"]
[Result "0-1"]
[WhiteElo "1800"]
[BlackElo "2095"]
[PlyCount "68"]
[EventDate "2015.11.08"]
[EventType "swiss (blitz)"]
[EventRounds "18"]
[EventCountry "COL"]
[SourceTitle "CBM 169 Extra"]
[Source "ChessBase"]
[SourceDate "2015.12.18"]
[SourceVersion "1"]
[SourceVersionDate "2015.12.18"]
[SourceQuality "1"]

1. d4 Nf6 2. c4 c5 3. d5 b5 4. cxb5 a6 5. bxa6 g6 6. Nc3 Bg7 7. e4 0-0 8. Nf3 Qa5 9. Bd3 Bxa6 10. 0-0 d6 11. h3 Bxd3 12. Qxd3 Qa6 13. Qc2 Nbd7 14. Rb1 Rfb8 15. a3 Nb6 16. b4 cxb4 17. axb4 Nfd7 18. Ne2 Rc8 19. Qd2 Nc4 20. Qd3 Qa2 21. Bg5 Ra3 22. Qd1 Nb2 23. Qd2 Rd3 24. Qf4 Nc4 25. Bxe7 Qxe2 26. Ng5 Nde5 27. Qh4 h6 28. Nxf7 Nxf7 29. Rbe1 Qh5 30. Qf4 Be5 31. Qc1 Rc3 32. Qb1 Nd2 33. Qa2 Nxf1 34. Rxf1 Rc1 0-1

[Event "Mosquera op (Women)"]
[Site "Mosquera"]
[Date "2014.11.02"]
[Round "6"]
[White "Cespedes Galindo, Estefania"]
[Black "Onate, Ana Milena"]
[Result "0-1"]
[WhiteElo "1809"]
[BlackElo "1834"]
[PlyCount "58"]
[EventDate "2014.10.30"]
[EventType "swiss"]
[EventRounds "9"]
[EventCountry "COL"]
[SourceTitle "EXT 2015"]
[Source "ChessBase"]
[SourceDate "2014.11.20"]
[SourceVersion "1"]
[SourceVersionDate "2014.11.20"]
[SourceQuality "1"]

1. d4 Nf6 2. c4 e5 3. d5 Bb4+ 4. Bd2 Qe7 5. a3 Bxd2+ 6. Nxd2 e4 7. e3 d6 8. Ne2 c6 9. Qc2 0-0 10. Ng3 Re8 11. Be2 Nbd7 12. dxc6 bxc6 13. 0-0 Bb7 14. Rac1 a5 15. Rfd1 Rac8 16. Nb3 Qe5 17. Qd2 a4 18. Nd4 g6 19. b3 axb3 20. Nxb3 d5 21. cxd5 cxd5 22. Rxc8 Rxc8 23. Rc1 Rc7 24. Rxc7 Qxc7 25. Qc1 Qb6 26. Nd4 Nc5 27. Qc2 Nfd7 28. f3 exf3 29. gxf3 Qa5 0-1

[Event "Pamplona Sub zt 2.3 (Women)"]
[Site "Pamplona"]
[Date "2012.11.09"]
[Round "8"]
[White "Trujillo Urriago, Karen Jo"]
[Black "Onate, Ana Milena"]
[Result "0-1"]
[WhiteElo "1607"]
[BlackElo "1858"]
[PlyCount "100"]
[EventDate "2012.11.05"]
[EventType "swiss"]
[EventRounds "9"]
[EventCountry "COL"]
[SourceTitle "EXT 2013"]
[Source "ChessBase"]
[SourceDate "2012.11.22"]
[SourceVersion "1"]
[SourceVersionDate "2012.11.22"]
[SourceQuality "1"]

1. e4 d6 2. Nf3 g6 3. d4 Bg7 4. Nc3 Bg4 5. Be2 Nc6 6. 0-0 Bxf3 7. Bxf3 Nxd4 8. Be3 Nxf3+ 9. Qxf3 e6 10. Rad1 Ne7 11. Bg5 0-0 12. Bf6 Bxf6 13. Qxf6 Nc6 14. Qf4 f5 15. Rd3 Ne5 16. Rh3 fxe4 17. Qxe4 Qc8 18. Re1 Rb8 19. Ree3 Qd7 20. Reg3 Qf7 21. f3 Qf4 22. Qe1 d5 23. Ne2 Qe3+ 24. Kh1 Nc4 25. f4 Qb6 26. b3 Nd6 27. Nc3 Nf5 28. Rg5 Rf7 29. g4 Ne7 30. f5 exf5 31. gxf5 Rxf5 32. Rxf5 Nxf5 33. Nxd5 Qc6 34. c4 Re8 35. Qc3 Ne7 36. Rd3 Nxd5 37. cxd5 Qxc3 38. Rxc3 Re7 39. Kg2 Kf7 40. Kf3 Kf6 41. a3 Ke5 42. Re3+ Kd6 43. Rxe7 Kxe7 44. Ke4 Kd6 45. Kd4 c6 46. dxc6 Kxc6 47. b4 Kd6 48. h4 h6 49. Ke4 Ke6 50. a4 g5 0-1

[Event "Pamplona Sub zt 2.3 (Women)"]
[Site "Pamplona"]
[Date "2012.11.08"]
[Round "7"]
[White "Onate, Ana Milena"]
[Black "Lizarazo, Doris Liliana"]
[Result "0-1"]
[WhiteElo "1858"]
[BlackElo "1877"]
[PlyCount "100"]
[EventDate "2012.11.05"]
[EventType "swiss"]
[EventRounds "9"]
[EventCountry "COL"]
[SourceTitle "EXT 2013"]
[Source "ChessBase"]
[SourceDate "2012.11.22"]
[SourceVersion "1"]
[SourceVersionDate "2012.11.22"]
[SourceQuality "1"]

1. d4 g6 2. c4 Bg7 3. Nc3 d6 4. e3 Nf6 5. g3 0-0 6. Bg2 c6 7. Nge2 e5 8. 0-0 Qc7 9. b3 b6 10. Nb5 Qd7 11. Ba3 Ne8 12. Rc1 Bb7 13. Nbc3 c5 14. Nd5 Nf6 15. dxe5 Nxd5 16. cxd5 Bxe5 17. Qc2 Na6 18. Rfd1 Rac8 19. Qc4 Nc7 20. Qh4 f5 21. Rc2 Qf7 22. Nc3 b5 23. Bb2 b4 24. Na4 Bxd5 25. Bxe5 dxe5 26. Rxc5 Bxg2 27. Kxg2 e4 28. Rd4 Na6 29. Rxc8 Rxc8 30. Rd6 Nc7 31. Nc5 Qf8 32. Rd7 h6 33. Rxc7 Rxc7 34. Ne6 Qe7 35. Nxc7 Qxc7 36. Qxh6 Qc6 37. Qg5 Qd6 38. Qf4 Qd1 39. Qb8+ Kh7 40. Qxa7+ Kh6 41. Qd4 Qf3+ 42. Kg1 Kh7 43. Qd2 Qg4 44. h4 Qf3 45. Kh2 Kh6 46. Kg1 Kh5 47. Qxb4 Qd1+ 48. Kg2 Kg4 49. Qb8 Qf3+ 50. Kg1 Kh3 0-1

[Event "Pamplona Sub zt 2.3 (Women)"]
[Site "Pamplona"]
[Date "2012.11.06"]
[Round "3"]
[White "Onate, Ana Milena"]
[Black "Masso Lopez, Daniela"]
[Result "1-0"]
[WhiteElo "1858"]
[BlackElo "1438"]
[PlyCount "73"]
[EventDate "2012.11.05"]
[EventType "swiss"]
[EventRounds "9"]
[EventCountry "COL"]
[SourceTitle "EXT 2013"]
[Source "ChessBase"]
[SourceDate "2012.11.22"]
[SourceVersion "1"]
[SourceVersionDate "2012.11.22"]
[SourceQuality "1"]

1. d4 Nf6 2. Nf3 g6 3. c4 Bg7 4. Nc3 d6 5. e4 0-0 6. Be2 c5 7. h3 Qa5 8. 0-0 Re8 9. Be3 cxd4 10. Nxd4 e5 11. Ndb5 Rd8 12. a3 Rd7 13. Nxd6 Qd8 14. c5 b6 15. Bb5 Ba6 16. Bxd7 Bxf1 17. Ba4 Ba6 18. Bb3 Nc6 19. Bxf7+ Kh8 20. Bxg6 Qe7 21. Bf5 Rd8 22. Nd5 Nxd5 23. exd5 Nd4 24. Bxd4 exd4 25. Qh5 h6 26. Nf7+ Kg8 27. Nxd8 Qxd8 28. Be6+ Kh8 29. c6 Qf6 30. Qf7 Qxf7 31. Bxf7 d3 32. Rb1 Bf6 33. d6 Kg7 34. Be6 Bg5 35. c7 d2 36. c8Q Bxc8 37. Bxc8 1-0

[Event "Pamplona Sub zt 2.3 (Women)"]
[Site "Pamplona"]
[Date "2012.11.06"]
[Round "4"]
[White "Perez, Laura"]
[Black "Onate, Ana Milena"]
[Result "1-0"]
[WhiteElo "2042"]
[BlackElo "1858"]
[PlyCount "111"]
[EventDate "2012.11.05"]
[EventType "swiss"]
[EventRounds "9"]
[EventCountry "COL"]
[SourceTitle "EXT 2013"]
[Source "ChessBase"]
[SourceDate "2012.11.22"]
[SourceVersion "1"]
[SourceVersionDate "2012.11.22"]
[SourceQuality "1"]

1. d4 Nf6 2. Nf3 g6 3. Bf4 Bg7 4. e3 0-0 5. Be2 d6 6. h3 c5 7. c3 Nbd7 8. Nbd2 Re8 9. Nb3 Ne4 10. Qc2 Ndf6 11. g4 h6 12. Bd3 d5 13. dxc5 g5 14. Bh2 Bd7 15. Ne5 Ba4 16. Qe2 Bxb3 17. axb3 Nxc5 18. Bc2 Qb6 19. b4 Ncd7 20. h4 Nxe5 21. Bxe5 Qe6 22. hxg5 hxg5 23. Bxf6 Qxf6 24. 0-0-0 e6 25. Rh3 a5 26. bxa5 Rxa5 27. Rd4 Ra1+ 28. Kd2 Rea8 29. Rb4 R8a7 30. Rf3 Qe7 31. Qd3 Rh1 32. Qb5 Bf8 33. Qb6 Qc5 34. Qd8 Qe7 35. Qb8 Rha1 36. Qh2 Bg7 37. Bh7+ Kf8 38. Bg6 Bxc3+ 39. bxc3 R7a2+ 40. Bc2 Rxc2+ 41. Kxc2 Kg7 42. Rh3 Qe8 43. Qe5+ Kg6 44. Rh5 f6 45. Qc7 f5 46. Qh7+ Kf6 47. Qh6+ Ke5 48. Qxg5 Ra2+ 49. Kb1 Rxf2 50. gxf5 Rxf5 51. Qg3+ Kf6 52. Rxf5+ exf5 53. Rb6+ Ke7 54. Qe5+ Kd8 55. Qxe8+ Kxe8 56. Rxb7 1-0

[Event "Pan American-ch"]
[Site "Cartagena"]
[Date "2012.07.07"]
[Round "8"]
[White "Millan, John Alberto"]
[Black "Onate, Ana Milena"]
[Result "1-0"]
[WhiteElo "1860"]
[BlackElo "1858"]
[PlyCount "99"]
[EventDate "2012.07.04"]
[EventType "swiss"]
[EventRounds "9"]
[EventCountry "COL"]
[SourceTitle "CBM 149 Extra"]
[Source "ChessBase"]
[SourceDate "2012.08.24"]
[SourceVersion "1"]
[SourceVersionDate "2012.08.24"]
[SourceQuality "1"]

1. Nf3 Nf6 2. g3 Nc6 3. d4 e6 4. Bg2 b6 5. Ne5 Bb7 6. 0-0 Rb8 7. f4 Nxd4 8. Bxb7 Rxb7 9. e3 Nf5 10. g4 Nd6 11. Nc3 Be7 12. Rf3 0-0 13. Rh3 Nfe4 14. g5 Nxg5 15. fxg5 Bxg5 16. Qh5 h6 17. e4 Bxc1 18. Rxc1 Qg5+ 19. Qxg5 hxg5 20. Nxd7 Rd8 21. Ne5 f6 22. Nc6 Re8 23. Rd1 e5 24. a4 a6 25. b3 Kf7 26. Nb4 a5 27. Nbd5 Rc8 28. Ne3 Rbb8 29. Nf5 Nxf5 30. exf5 Rd8 31. Rhd3 Rxd3 32. Rxd3 Ke8 33. Kf2 c6 34. Rd6 Rc8 35. Ne4 b5 36. Nc5 Rd8 37. Rxd8+ Kxd8 38. Nb7+ Kc7 39. Nc5 Kb6 40. Ne6 c5 41. Ke2 c4 42. Nxg7 cxb3 43. cxb3 bxa4 44. bxa4 Kc5 45. Ne8 Kd5 46. Nxf6+ Kd6 47. Ne4+ Ke7 48. Kd3 g4 49. Kc4 Kd7 50. Kb5 1-0

[Event "Pan American-ch"]
[Site "Cartagena"]
[Date "2012.07.06"]
[Round "5"]
[White "Onate, Ana Milena"]
[Black "Petro, Jose Felipe"]
[Result "1-0"]
[WhiteElo "1858"]
[BlackElo "1768"]
[PlyCount "25"]
[EventDate "2012.07.04"]
[EventType "swiss"]
[EventRounds "9"]
[EventCountry "COL"]
[SourceTitle "CBM 149 Extra"]
[Source "ChessBase"]
[SourceDate "2012.08.24"]
[SourceVersion "1"]
[SourceVersionDate "2012.08.24"]
[SourceQuality "1"]

1. d4 e6 2. c4 Be7 3. Nc3 d5 4. Bf4 a6 5. e3 Bf6 6. cxd5 exd5 7. Bd3 Ne7 8. Rc1 c6 9. g4 Ng6 10. Bg3 Qe7 11. Nxd5 Qd8 12. Nc7+ Kf8 13. Nxa8 1-0